[Event "DMP - III LIGA SZACHOWA SENIOROW PK 2016"]
[Site "Czudec"]
[Date "2016.??.??"]
[Round "6.28"]
[White "Starzec, Klaudia"]
[Black "Wolowiec-musial, Malgorzata"]
[Result "1-0"]
[WhiteElo "1275"]
[BlackElo "1857"]
[Annotator "Szachy"]
[PlyCount "64"]
[EventDate "2016.??.??"]

1. d4 {[%emt 0:00:00]} e6 {[%emt 0:00:00]} 2. e3 Nf6 3. c4 d5 4. Nc3 c5 5. Nf3
Nc6 6. a3 dxc4 7. Bxc4 cxd4 8. Nxd4 Nxd4 9. Qxd4 Qa5 10. O-O Bd7 11. Bd2 Qh5
12. Be2 Qg5 13. e4 Qh5 14. g3 Qh3 15. e5 Bc6 16. f3 Ng4 17. Qxg4 Bc5+ 18. Rf2
Bxf2+ 19. Kxf2 Qxh2+ 20. Ke3 O-O-O 21. Rc1 Qh6+ 22. f4 g6 23. Nb5 Kb8 24. Nd6
Rd7 25. Bf3 Bxf3 26. Qxf3 f6 27. Bc3 Rhd8 28. Ke2 g5 29. Qe3 gxf4 30. Qxf4 Qg6
31. Bd2 Rg7 32. Qe3 Qg4+ 1-0